000
00362nam a2200157Ia 4500
008
230605s1998 xx 000 0 und d
041
_a
eng
100
_a
France
245
_a
Dine with Europes Hot Desserts
260
_b
Konemann Pub Bonner
_c
1998
_c
1998
300
_a
240
365
_b
1495
500
_a
70
520
_a
Reference Copy
650
_a
F. P.
999
_c
417961
_d
417961